• 首页
  • 本馆介绍
  • 公告通知
  • 最新文献
  • 馆藏检索
  • 电子资源
  • 读者导购
  • 参考咨询
  • 我的图书馆
  • 登录
  • 详细信息显示
  • 放入我的书架
  • 预约/预借图书
  • 作者相关作品
  • 分类相关作品
  • 丛书相关作品
  • 出版社相关作品

书目信息

  • 表格格式
  • 工作单格式
  • 卡片格式
题名:
大湄公河次区域合作发展报告2010~2011
    
 
作者: 刘稚 主编
分册:  
出版信息: 北京   社会科学文献出版社  2011.4
页数: 314页
开本: 24cm
丛书名: 大湄公河次区域蓝皮书
单 册:
中图分类: F125.533 , F127.74
科图分类:
主题词: 湄公河--流域--国际合作:经济合作--研究报告--2010
电子资源:
ISBN: 978-7-5097-2232-9
000 01192nam0 2200277 45
001 516
005 20120531154012.35
010    @a978-7-5097-2232-9@dCNY69.00
100    @a20120328d2011 em y0chiy0110 ea
101 0  @achi
102    @aCN@b110000
105    @ay z 000yy
106    @ar
200 1  @a大湄公河次区域合作发展报告2010~2011@ADa Mei Gong He Ci Qu Yu He Zuo Fa Zhan Bao Gao 2010~2011@d= Report on the Cooperation and Development in the Greater Mekong Sub-Region(2010-2011).@f刘稚主编@FLiu Zhi Zhu Bian@zeng
210    @a北京@c社会科学文献出版社@d2011.4
215    @a314页@d24cm
225 2  @a大湄公河次区域蓝皮书
330    @a本书从三个层面系统介绍和研究了大湄公河次区域合作的重点与热点问题,追踪分析了大湄公河次区域合作的进展和趋势,并对新形势下我国进一步推进次区域合作深入发展提出了相关对策和建议。
461  0 @12001 @a大湄公河次区域蓝皮书
510 1  @aReport on the Cooperation and Development in the Greater Mekong Sub-Region(2010-2011)@zeng
606 0  @a湄公河@x流域@x国际合作:经济合作@x研究报告@z2010
690    @aF125.533@v4
690    @aF127.74@v4
701  0 @a刘稚@ALiu Zhi@4主编
801  0 @aCN@bTSTCL@c20120328
905    @b0813503-09@dF125.533@e155@f7
    
    大湄公河次区域合作发展报告2010~2011= Report on the Cooperation and Development in the Greater Mekong Sub-Region(2010-2011)./刘稚主编.-北京:社会科学文献出版社,2011.4
    314页;24cm.-(大湄公河次区域蓝皮书)
    
    
    ISBN 978-7-5097-2232-9:CNY69.00
    本书从三个层面系统介绍和研究了大湄公河次区域合作的重点与热点问题,追踪分析了大湄公河次区域合作的进展和趋势,并对新形势下我国进一步推进次区域合作深入发展提出了相关对策和建议。
●
相关链接 在E读中查询图书 在五车中查询图书 在当当中查询图书 在豆瓣中查询图书


正题名:大湄公河次区域合作发展报告2010~2011     索取号:F125.533/155         预约/预借

序号 登录号 条形码 馆藏地/架位号 状态 备注
1 0813503   208135034   第一样本阅览室/ [索取号:F125.533/155] 在馆    
2 0813504   208135043   密集书库-资源管理系/ [索取号:F125.533/155] 在馆    
3 0813505   208135052   第一借阅区/ [索取号:F125.533/155] 在馆    
4 0813506   208135061   第一借阅区/ [索取号:F125.533/155] 在馆    
5 0813507   208135070   第一借阅区/ [索取号:F125.533/155] 在馆    
6 0813508   208135089   第一借阅区/ [索取号:F125.533/155] 在馆    
7 0813509   208135098   第一借阅区/ [索取号:F125.533/155] 在馆    
唐山师范学院图书馆 欢迎您!
大连网信软件有限公司© 版权所有